| 000 | 00633nam a22002057a 4500 | ||
|---|---|---|---|
| 999 |
_c13986 _d13986 |
||
| 003 | AR-CdUCM | ||
| 008 | 190417b ||||| |||| 00| 0 spa d | ||
| 040 |
_aMUNICIPALIDAD PROVINCIAL DEL CUSCO _cBIBLIOTECA MUNICIPAL DEL CUSCO |
||
| 082 |
_a869.58 / _bC95 |
||
| 100 |
_aCuentas, J. Alberto _917145 |
||
| 245 |
_aFrancisco Mostajo : _bTribuno / |
||
| 260 |
_aArequipa : _bPortugal, _c1958. |
||
| 300 |
_a50 paginas ; _c22 cm. |
||
| 500 | _aDonación de la familia Nieto Dedicatoria a Luis Nieto | ||
| 650 |
_aVida _9884 |
||
| 650 |
_aHistoria _9136 |
||
| 650 |
_aLiteratura _983 |
||
| 942 |
_2ddc _cLIBROS |
||
| 945 |
_apjha _d2019-04-17 |
||